000 00205nam a2200097Ia 4500
008 240331s9999 xx 000 0 und d
082 _bSTE
100 _aSteel, D
245 0 _aFive Days in Paris
942 _cL
999 _c5802
_d5802